Thermodynamics : (Record no. 15170)

MARC details
000 -LEADER
fixed length control field 01078nam a22003255a 4500
006 - FIXED-LENGTH DATA ELEMENTS--ADDITIONAL MATERIAL CHARACTERISTICS--GENERAL INFORMATION
fixed length control field a||||fr|||| 00| 0
008 - FIXED-LENGTH DATA ELEMENTS--GENERAL INFORMATION
fixed length control field 080915t2011 maua|||frb||| 001 0 eng d
010 ## - LIBRARY OF CONGRESS CONTROL NUMBER
LC control number 2006021201
020 ## - INTERNATIONAL STANDARD BOOK NUMBER
International Standard Book Number 0071311114
020 ## - INTERNATIONAL STANDARD BOOK NUMBER
International Standard Book Number 9780071311113
035 ## - SYSTEM CONTROL NUMBER
System control number (OCoLC)ocm63691383
035 ## - SYSTEM CONTROL NUMBER
System control number (OCoLC)63691383
040 ## - CATALOGING SOURCE
Original cataloging agency EG-ScBUE
Language of cataloging eng
Transcribing agency EG-ScBUE
082 04 - DEWEY DECIMAL CLASSIFICATION NUMBER
Classification number 621.4021
Item number CEN
Edition number 22
100 1# - MAIN ENTRY--PERSONAL NAME
Personal name Cengel, Yunus A.
9 (RLIN) 23293
245 10 - TITLE STATEMENT
Title Thermodynamics :
Remainder of title An Engineering Approach /
Statement of responsibility, etc Yunus A. Cengel, Michael A. Boles.
250 ## - EDITION STATEMENT
Edition statement 7th ed.
260 ## - PUBLICATION, DISTRIBUTION, ETC. (IMPRINT)
Place of publication, distribution, etc Boston :
Name of publisher, distributor, etc McGraw-Hill Higher Education,
Date of publication, distribution, etc c. 2011.
300 ## - PHYSICAL DESCRIPTION
Extent xxv, 978 p. :
Other physical details ill. ;
Dimensions 27 cm. +
Accompanying material 1 CD-ROM (4 3/4in.)
490 1# - Series Statement
Series statement McGraw-Hill series in mechanical engineering
500 ## - GENERAL NOTE
General note Index : p. 953-978.
504 ## - BIBLIOGRAPHY, ETC. NOTE
Bibliography, etc Includes bibliographical references.
590 ## - LOCAL NOTE (RLIN)
Local note Menna elemam
650 #0 - SUBJECT ADDED ENTRY--TOPICAL TERM
Topical term or geographic name as entry element Thermodynamics.
9 (RLIN) 23295
Source of heading or term BUEsh
651 ## - SUBJECT ADDED ENTRY--GEOGRAPHIC NAME
Source of heading or term BUEsh
653 ## - INDEX TERM--UNCONTROLLED
Resource For college Engineering, General
Arrived date list August2015
-- October2011
653 ## - INDEX TERM--UNCONTROLLED
Arrived date list February2013
700 1# - ADDED ENTRY--PERSONAL NAME
Personal name Boles, Michael A.
9 (RLIN) 23297
942 ## - ADDED ENTRY ELEMENTS (KOHA)
Item type Book - Borrowing
Call number prefix 621.4021 CEN
Source of classification or shelving scheme Dewey Decimal Classification
Holdings
Withdrawn status Item status Source of classification or shelving scheme Damaged status Not for loan Vendor Home library Current library Shelving location Date acquired Source of acquisition Cost, normal purchase price Total Checkouts Total Renewals Full call number Barcode Checked out Date last seen Date last borrowed Koha item type Materials specified (bound volume or other part)
    Dewey Decimal Classification     Baccah Central Library Central Library First floor 21/04/2011   180.00 18 223 621.4021 CEN 000023375 31/03/2024 16/11/2020 16/11/2020 Book - Borrowing  
    Dewey Decimal Classification     Baccah Central Library Central Library First floor 21/04/2011   180.00     621.4021 CEN 000023376   24/08/2022   CD | DVD - With book  
    Dewey Decimal Classification       Central Library Central Library First floor 03/05/2011   180.00 18 147 621.4021 CEN 000025062   15/07/2025 05/10/2024 Book - Borrowing  
    Dewey Decimal Classification       Central Library Central Library First floor 03/05/2011   180.00 11 147 621.4021 CEN 000025064   15/07/2025 08/02/2017 Book - Borrowing  
    Dewey Decimal Classification       Central Library Central Library First floor 03/05/2011   180.00     621.4021 CEN 000025063   24/08/2022   CD | DVD - With book  
    Dewey Decimal Classification       Central Library Central Library First floor 03/05/2011   180.00     621.4021 CEN 000025065   24/08/2022   CD | DVD - With book  
    Dewey Decimal Classification       Central Library Central Library First floor 03/05/2011   180.00 15 97 621.4021 CEN 000025066   15/07/2025 23/09/2019 Book - Borrowing  
    Dewey Decimal Classification       Central Library Central Library First floor 03/05/2011   180.00     621.4021 CEN 000025067   24/08/2022   CD | DVD - With book  
    Dewey Decimal Classification Damaged   Baccah Central Library Central Library First floor 13/10/2011   180.00 10 114 621.4021 CEN 000030369   31/07/2022 29/09/2016 Book - Borrowing BOX07
    Dewey Decimal Classification     Baccah Central Library Central Library First floor 13/10/2011   180.00     621.4021 CEN 000025441   24/08/2022   CD | DVD - With book  
  Lost Dewey Decimal Classification     Baccah Central Library Central Library First floor 13/10/2011   180.00     621.4021 CEN 000025442   13/10/2011   NB - Book (Non borrowing) Lost In Inventory_2015-8-23
    Dewey Decimal Classification     Baccah Central Library Central Library First floor 13/10/2011   180.00     621.4021 CEN 000025443   24/08/2022   CD | DVD - With book (NB)  
  Lost Dewey Decimal Classification     Baccah Central Library Central Library First floor 13/10/2011   180.00 9 77 621.4021 CEN 000025444   31/05/2015 12/02/2015 Book - Borrowing Lost In Inventory_2005-2015/8/22
    Dewey Decimal Classification     Baccah Central Library Central Library First floor 13/10/2011   180.00     621.4021 CEN 000025445   24/08/2022   CD | DVD - With book  
    Dewey Decimal Classification     Baccah Central Library Central Library First floor 13/10/2011   180.00 20 136 621.4021 CEN 000025446   15/07/2025 05/10/2024 Book - Borrowing  
    Dewey Decimal Classification     Baccah Central Library Central Library First floor 13/10/2011   180.00     621.4021 CEN 000025447   24/08/2022   CD | DVD - With book  
    Dewey Decimal Classification     Baccah Central Library Central Library First floor 06/03/2012   180.00 20 66 621.4021 CEN 000026342   15/07/2025 28/11/2024 Book - Borrowing  
    Dewey Decimal Classification     Baccah Central Library Central Library First floor 06/03/2012   180.00     621.4021 CEN 000026343   24/08/2022   CD | DVD - With book  
    Dewey Decimal Classification     Baccah Central Library Central Library First floor 14/02/2013   180.00 17 179 621.4021 CEN 000028248   15/07/2025 21/10/2024 Book - Borrowing  
    Dewey Decimal Classification     Baccah Central Library Central Library First floor 14/02/2013   180.00 1   621.4021 CEN 000028249   24/08/2022 26/10/2014 CD | DVD - With book  
  Lost Dewey Decimal Classification       Central Library Central Library First floor 04/08/2015     2 12 621.4021 CEN 000025440   23/08/2016 26/11/2015 Book - Borrowing Lost In Inventory_2017-8-25